Countries Featured in the Battlefield Franchise - Statistics

General Stats
  • This quiz has been taken 6 times
  • The average score is 42 of 51
Answers on the Map
Answers color-coded by a green-red scale on the quiz's map according to % correct below.
 
Answer Stats
Country Game(s) % Correct
Belgium Various
100%
Canada Various
100%
China Battlefield 4, 6
100%
Turkey Battlefield 1
100%
Egypt Various
100%
France Various
100%
Germany Various
100%
Greece Battlefield 2, 5
100%
India Battlefield 1, 2042
100%
Indonesia Battlefield 4
100%
Iran Various
100%
Iraq Various
100%
Italy Battlefield 1, 1942
100%
Japan Various
100%
Netherlands Battlefield 5, 1942
100%
North Korea Battlefield 4
100%
Norway Battlefield 5, 1942
100%
Russia Various
100%
South Korea Battlefield 2042
100%
Spain Battlefield 6
100%
Sweden Battlefield 5, 2042
100%
Ukraine Battlefield 1
100%
United Kingdom Various
100%
United States Various
100%
Vietnam Battlefield Vietnam
100%
Australia Battlefield 1943
75%
Cambodia Battlefield Vietnam
75%
Czechia Battlefield 2042
75%
Estonia Battlefield 1
75%
Kuwait Battlefield 2, 3
75%
Libya Battlefield 5
75%
Oman Battlefield 2
75%
Pakistan Battlefield 2
75%
Panama Battlefield 2042, BC2
75%
Peru Bad Company 2
75%
Philippines Battlefield 1942
75%
Poland Battlefield 1
75%
Qatar Battlefield 2042
75%
Singapore Battlefield 4, 2042
75%
Slovakia Battlefield 1
75%
South Africa Battlefield 2042
75%
Thailand Battlefield 4
75%
Afghanistan Battlefield 2
50%
Azerbaijan Battlefield 3, 4
50%
Chile Bad Company 2, 2042
50%
Marshall Islands Battlefield 5
50%
Slovenia Battlefield 1
50%
Turkmenistan Battlefield 3
50%
Papua New Guinea Battlefield 1943
25%
Solomon Islands Battlefield 5
25%
Tajikistan Battlefield 6
25%
No matching quizzes found
Score Distribution
Percent of People with Each Score
Percentile by Number Answered
Your Score History
You have not taken this quiz